Outstanding filipino achievers. (Record no. 114543)
[ view plain ]
| 000 -LEADER | |
|---|---|
| fixed length control field | 00700nam a2200265 a 4500 |
| 005 - DATE AND TIME OF LATEST TRANSACTION | |
| control field | 20140414132104.0 |
| 008 - FIXED-LENGTH DATA ELEMENTS--GENERAL INFORMATION | |
| fixed length control field | 100813s19uu xx 00 eng d |
| 020 ## - INTERNATIONAL STANDARD BOOK NUMBER | |
| International Standard Book Number | 978-971-92221 |
| 050 ## - LIBRARY OF CONGRESS CALL NUMBER | |
| Classification number | TR-FIL 306.409599 |
| Item number | D37 2009 |
| 100 ## - MAIN ENTRY--PERSONAL NAME | |
| Personal name | de la Torre, Visitacion "Chit" |
| 245 ## - TITLE STATEMENT | |
| Title | Outstanding filipino achievers. |
| 260 ## - PUBLICATION, DISTRIBUTION, ETC. (IMPRINT) | |
| Place of publication, distribution, etc | Philippines : |
| Name of publisher, distributor, etc | Southville International School and Colleges, |
| Date of publication, distribution, etc | 2009. |
| 300 ## - PHYSICAL DESCRIPTION | |
| Extent | 408 |
| 650 ## - SUBJECT ADDED ENTRY--TOPICAL TERM | |
| Topical term or geographic name as entry element | Cultural Icons - Philipinnes |
| 650 ## - SUBJECT ADDED ENTRY--TOPICAL TERM | |
| Topical term or geographic name as entry element | Popular Images - Philippines |
| Withdrawn status | Lost status | Damaged status | Home library | Current library | Shelving location | Date acquired | Source of acquisition | Total Checkouts | Full call number | Barcode | Date last seen | Price effective from | Koha item type |
|---|---|---|---|---|---|---|---|---|---|---|---|---|---|
| Munich Library | Munich Library | Teachers Reference Section | 08/13/2010 | TR-FIL 306.409599 D37 2009 | M6394 | 04/14/2014 | 04/14/2014 | Books | |||||
| Munich Library | Munich Library | Teachers Reference Section | 08/13/2010 | TR-FIL 306.409599 D37 2009 | M6395 | 04/14/2014 | 04/14/2014 | Books | |||||
| Munich Library | Munich Library | Teachers Reference Section | 08/13/2010 | TR-FIL 306.409599 D37 2009 | M6396 | 04/14/2014 | 04/14/2014 | Books | |||||
| Munich Library | Munich Library | Teachers Reference Section | 08/13/2010 | TR-FIL 306.409599 D37 2009 | M6398 | 04/14/2014 | 04/14/2014 | Books | |||||
| Munich Library | Munich Library | Teachers Reference Section | 08/13/2010 | TR-FIL 306.409599 D37 2009 | M6399 | 04/14/2014 | 04/14/2014 | Books | |||||
| Munich Library | Munich Library | Teachers Reference Section | 08/13/2010 | TR-FIL 306.409599 D37 2009 | M6400 | 04/14/2014 | 04/14/2014 | Books | |||||
| Munich Library | Munich Library | Teachers Reference Section | 08/13/2010 | TR-FIL 306.409599 D37 2009 | M6401 | 04/14/2014 | 04/14/2014 | Books | |||||
| Munich Library | Munich Library | Teachers Reference Section | 08/13/2010 | TR-FIL 306.409599 D37 2009 | M6402 | 04/14/2014 | 04/14/2014 | Books | |||||
| Munich Library | Munich Library | Teachers Reference Section | 08/13/2010 | TR-FIL 306.409599 D37 2009 | M6403 | 04/14/2014 | 04/14/2014 | Books |